| 000 | 00691nam a22002177a 4500 | ||
|---|---|---|---|
| 999 |
_c4678 _d4678 |
||
| 001 | 4678 | ||
| 003 | BD-JhCC | ||
| 005 | 20171129184348.0 | ||
| 008 | 171129s1378 ii ab||| |||| 000 0 ben d | ||
| 035 | _a(BD-JhCC)4678 | ||
| 040 |
_aBD-JhCC _dBD-JhCC |
||
| 041 | _aben | ||
| 082 |
_a954.92 _bBAS 1378 |
||
| 100 | _aবসু, নির্মলকুমার | ||
| 245 |
_aবিয়াল্লিশের বাংলা / _cনির্মলকুমার বসু |
||
| 260 |
_aকলকাতা : _bসারস্বত লাইব্রেরী, _c১৩৭৮. |
||
| 300 |
_amul: _bill. ; _c22 cm. |
||
| 650 | _aHistory of Bangladesh | ||
| 942 |
_2ddc _cBK |
||